000 00736nam a2200241 a 4500
001 69677
003 BD-RjUL
005 20211209081920.0
008 170413r19491948enka b 001 0 eng
035 _a(BD-RjUL)69889
040 _aDLC
_cGAT
_dBD-RjUL
_beng
041 _aeng
082 _223
_a677
_bMAT 1949
100 1 _aMarsh, J. T.
_q(John Thompson)
_9206388
245 1 0 _aTextile science :
_ban introductory manual.
_c J T Marsh
260 _aLondon :
_bChapman & Hall,
_c1948, [Second impression 1949]
300 _axii, 388 p. :
_bill. ;
_c22 cm.
504 _aBibliography: p. 380-384.
650 0 _aTextile industry.
_9132804
650 0 _aTextile chemistry.
_9163104
650 0 _aTextile fabrics.
_9206389
942 _2ddc
_cBK
999 _c69677
_d69677